000 005640000a22001930004500
003 LK-CoMWRAF
005 20231106143453.0
008 230817t1980 ||||| |||| 00| 0 eng d
040 _aLK-CoMWRAF
_dLK-CoMWRAF
_eLK-CoMWRAF
041 _aeng
082 _a923
_bJOA
100 _aJoarder, Hasina
245 _aBegum Rokeya:
_bThe Emancipator
260 _aDacca:
_bNari Kalyan Sangstha,
_c1980
300 _a39 p., [3] p. of plates : ill. ; 22 cm.
_bIndex included
650 _aFEMINISTS-India--Bengal--Biography.
700 _aJoarder, Safiuddin
942 _cBK
999 _c1523
_d1523